LIBRARY & INFORMATION CENTRE, KCAET, TAVANUR

ONLINE PUBLIC ACCESS CATALOGUE (OPAC)

Physics, Vol.I / (Record no. 125)

MARC details
000 -LEADER
fixed length control field 00391cam a2200169ua 4500
041 ## - LANGUAGE CODE
Language code of text/sound track or separate title eng
082 ## - DEWEY DECIMAL CLASSIFICATION NUMBER
Classification number 530
Item number POW/PH
100 ## - MAIN ENTRY--AUTHOR NAME
Personal name Powell, L.S .
245 ## - TITLE STATEMENT
Title Physics, Vol.I /
250 ## - EDITION STATEMENT
Edition statement 1 /
260 ## - PUBLICATION, DISTRIBUTION, ETC. (IMPRINT)
Place of publication :
Name of publisher Sir Isaac Pitman & Sons ,
Year of publication 1973.
300 ## - PHYSICAL DESCRIPTION
Number of Pages 344 ; .
942 ## - ADDED ENTRY ELEMENTS (KOHA)
Koha item type Books
Holdings
Withdrawn status Lost status Damaged status Home library Current library Date acquired Full call number Accession Number Koha item type
Withdrawn     KAUAET KAUAET 07/04/2012 530 6074 Books
Withdrawn     KAUAET Sanskrit University 07/04/2012 530 6073 Books
free website counter